000 00684nam a2200289Ia 4500
005 20260324120732.0
008 008 260324s9999 xx 000 0 eng d
020 _a9781315887043
037 _aEBOOK
040 _aCRL
040 _beng
040 _cCRL
041 _2eng
041 _aeng
084 _qCRL
100 _aSarah J. Jackson
_91159761
245 0 _aBlack Celebrity, Racial Politics, and the Press
245 0 _bFraming Dissent
260 _bTaylor and Francis
260 _c2014
365 _a
365 _b255
856 _uhttp://www.taylorfrancis.com/books/9781315887043
942 _cEBOOK
999 _c1751444
_d1751444